Mathematical methods for wave phenomena /
Guardado en:
| Autor Principal: | |
|---|---|
| Formato: | Libro |
| Idioma: | English |
| Publicado: |
Orlando :
Academic Press,
1984.
|
| Series: | Computer science and applied mathematics
|
| Materias: | |
| Etiquetas: |
Agregar Etiqueta
Sin Etiquetas, Sea el primero en etiquetar este registro!
|
| LEADER | 01222pam a2200241 a 4500 | ||
|---|---|---|---|
| 001 | MAT.inmabb003094 | ||
| 008 | 831110s1984####flua#####b####001#0#eng## | ||
| 005 | 20150313161204.0 | ||
| 245 | 1 | 0 | |a Mathematical methods for wave phenomena / |c Norman Bleistein. |
| 260 | |a Orlando : |b Academic Press, |c 1984. | ||
| 300 | |a xv, 341 p. : |b il. ; |c 24 cm. | ||
| 440 | 0 | |a Computer science and applied mathematics | |
| 504 | |a Incluye referencias bibliográficas. | ||
| 505 | 8 | |a Capítulos: 1. First-order partial differential equations -- 2. The Dirac delta function, Fourier transforms, and asymptotics -- 3. Second-order partial differential equations -- 4. The wave equation in one space dimension -- 5. The wave equation in two and three dimensions -- 6. The Helmholtz equation and other elliptic equations -- 7. More on asymptotics -- 8. Asymptotic techniques for direct scattering problems -- 9. Inverse methods for reflector imaging. | |
| 510 | 4 | |a MR, |c 85j:35001 | |
| 020 | |a 0121056503 | ||
| 100 | 1 | |a Bleistein, Norman. | |
| 650 | 0 | |a Wave-motion, Theory of. | |
| 650 | 0 | |a Wave equation. | |
| 084 | |a 35-01 (35C20 35Lxx 35Q20) |2 msc2000 | ||
| 010 | |a 83021345 | ||
| 040 | |a DLC |c DLC |d DLC | ||
| 859 | |h 35 |i B6465 |p A-6045 |b BIB. MATEMATICA | ||
